[Event "Maia op 5th"]
[Site "Maia"]
[Date "2021.09.04"]
[Round "6"]
[White "Andrade, Carlos Jorge da Sil"]
[Black "Romano, Luis Miguel Pereira"]
[Result "0-1"]
[WhiteElo "1938"]
[BlackElo "2160"]
[PlyCount "88"]
[EventDate "2021.08.30"]
[EventType "swiss"]
[EventRounds "7"]
[EventCountry "POR"]
[SourceTitle "CBM 204 Extra"]
[Source "ChessBase"]
[SourceDate "2021.11.30"]
[SourceVersion "1"]
[SourceVersionDate "2021.11.30"]
[SourceQuality "1"]

1. d4 d5 2. c4 c6 3. cxd5 cxd5 4. Bf4 Nf6 5. Nc3 Nc6 6. e3 Bf5 7. Qb3 Na5 8. Qa4+ Bd7 9. Qc2 e6 10. Nf3 Rc8 11. Bd3 Be7 12. h3 b5 13. a3 0-0 14. 0-0 Qb6 15. Ne5 Rfd8 16. Rfc1 Be8 17. g4 h6 18. Qd1 Nc4 19. Qe2 Nd6 20. g5 hxg5 21. Bxg5 Qb7 22. Kh2 Nfe4 23. Bxe7 Qxe7 24. Bxe4 dxe4 25. Qg4 f6 26. Ng6 Bxg6 27. Qxg6 Qf7 28. Qg3 a6 29. Rg1 f5 30. Rg2 Nc4 31. Rag1 Qc7 32. Ne2 Qxg3+ 33. Rxg3 Rd7 34. Rg6 Nd2 35. R1g2 Nf3+ 36. Kg3 Kf7 37. Nf4 Rh8 38. Rxe6 g5 39. Rxa6 gxf4+ 40. Kxf4 Rh5 41. Rgg6 Nh4 42. Rgb6 Ng2+ 43. Kg3 Rg5+ 44. Kh2 Nh4 0-1

[Event "Maia op 5th"]
[Site "Maia"]
[Date "2021.08.31"]
[Round "2"]
[White "Andrade, Carlos Jorge da Sil"]
[Black "Fernandes, Tiago Joao Carneiro"]
[Result "1-0"]
[WhiteElo "1938"]
[BlackElo "1342"]
[PlyCount "51"]
[EventDate "2021.08.30"]
[EventType "swiss"]
[EventRounds "7"]
[EventCountry "POR"]
[SourceTitle "CBM 204 Extra"]
[Source "ChessBase"]
[SourceDate "2021.11.30"]
[SourceVersion "1"]
[SourceVersionDate "2021.11.30"]
[SourceQuality "1"]

1. d4 d5 2. c4 e6 3. Nc3 c5 4. Nf3 Nc6 5. e3 Nf6 6. a3 Bd6 7. cxd5 exd5 8. Be2 0-0 9. 0-0 Bf5 10. Nb5 Rc8 11. Nxd6 Qxd6 12. dxc5 Qxc5 13. b4 Qd6 14. Bb2 Ne4 15. Rc1 Ne7 16. Qd4 f6 17. Qxa7 b6 18. Rxc8 Rxc8 19. Nd4 Bd7 20. Rc1 Rxc1+ 21. Bxc1 Nf5 22. Qa8+ Kf7 23. Bb2 Kg6 24. Nxf5 Bxf5 25. Qe8+ Kh6 26. Qh5# 1-0

[Event "POR CupT qf  40th"]
[Site "Portugal"]
[Date "2018.05.05"]
[Round "3.1"]
[White "Andrade, Carlos Jorge da Sil"]
[Black "Rodrigues, Jose AA"]
[Result "1-0"]
[WhiteElo "1968"]
[BlackElo "2103"]
[PlyCount "59"]
[EventDate "2017.12.16"]
[EventType "team-k.o."]
[EventRounds "6"]
[EventCountry "POR"]
[SourceTitle "EXT 2019"]
[Source "ChessBase"]
[SourceDate "2018.10.10"]
[SourceVersion "1"]
[SourceVersionDate "2018.10.10"]
[SourceQuality "1"]
[WhiteTeam "Estarreja"]
[BlackTeam "Porto A"]
[WhiteTeamCountry "POR"]
[BlackTeamCountry "POR"]

1. d4 e6 2. c4 f5 3. d5 e5 4. e4 Bb4+ 5. Bd2 Bxd2+ 6. Nxd2 d6 7. Bd3 f4 8. Ngf3 Nf6 9. c5 0-0 10. b4 Kh8 11. 0-0 Ne8 12. Rc1 Nd7 13. c6 bxc6 14. Rxc6 g5 15. Ba6 g4 16. Ne1 Bxa6 17. Rxa6 Qg5 18. Ra3 Rf6 19. f3 h5 20. fxg4 hxg4 21. h3 gxh3 22. Rxh3+ Rh6 23. Rxh6+ Qxh6 24. Rf3 Qg6 25. Rh3+ Kg7 26. Nef3 Ndf6 27. Nh4 Qg4 28. Nf5+ Kg6 29. Rh6+ Kf7 30. Rh7+ 1-0

[Event "Guimaraes op"]
[Site "Guimaraes"]
[Date "2017.09.04"]
[Round "5"]
[White "Andrade, Carlos Jorge da Sil"]
[Black "Dias, Ivo Rodrigues"]
[Result "0-1"]
[WhiteElo "1958"]
[BlackElo "2186"]
[PlyCount "46"]
[EventDate "2017.09.02"]
[EventType "swiss"]
[EventRounds "7"]
[EventCountry "POR"]
[SourceTitle "CBM 180 Extra"]
[Source "ChessBase"]
[SourceDate "2017.10.06"]
[SourceVersion "1"]
[SourceVersionDate "2017.10.06"]
[SourceQuality "1"]

1. d4 Nf6 2. c4 g6 3. Nc3 Bg7 4. e4 d6 5. Nf3 0-0 6. Be2 e5 7. 0-0 Nc6 8. d5 Ne7 9. b4 Nh5 10. g3 a5 11. Ba3 axb4 12. Bxb4 f5 13. c5 Nf6 14. Ng5 fxe4 15. cxd6 cxd6 16. Ngxe4 Nf5 17. Kg2 b6 18. Bb5 Nd4 19. Bc6 Ra7 20. Bxd6 Nxe4 21. Bxf8 Nxc3 22. Qd3 Qxf8 23. Qxc3 Ra3 0-1

[Event "Guimaraes op"]
[Site "Guimaraes"]
[Date "2017.09.03"]
[Round "3"]
[White "Andrade, Carlos Jorge da Sil"]
[Black "Silva, David Miguel Da"]
[Result "0-1"]
[WhiteElo "1958"]
[BlackElo "2245"]
[PlyCount "62"]
[EventDate "2017.09.02"]
[EventType "swiss"]
[EventRounds "7"]
[EventCountry "POR"]
[SourceTitle "CBM 180 Extra"]
[Source "ChessBase"]
[SourceDate "2017.10.06"]
[SourceVersion "1"]
[SourceVersionDate "2017.10.06"]
[SourceQuality "1"]

1. d4 Nf6 2. c4 g6 3. Nc3 Bg7 4. e4 d6 5. Nf3 0-0 6. Be2 e5 7. 0-0 Nc6 8. d5 Ne7 9. b4 a5 10. Ba3 axb4 11. Bxb4 Nd7 12. a4 Bh6 13. Ne1 f5 14. Nd3 Nf6 15. Bf3 fxe4 16. Nxe4 Nxe4 17. Bxe4 Nf5 18. c5 Qh4 19. Re1 Ra6 20. Ra2 Ne3 21. fxe3 Qxe4 22. cxd6 cxd6 23. Qb3 Rb6 24. Rb2 Bxe3+ 25. Kh1 Bd2 26. Rd1 Be1 27. h3 Bg3 28. Nc1 Qh4 29. Ne2 Bg4 30. Rdb1 Bxe2 31. Rxe2 Qxb4 0-1

[Event "Gaia Profigaia op 17th"]
[Site "Vila Nova de Gaia"]
[Date "2017.06.17"]
[Round "5"]
[White "Andrade, Carlos Jorge da Sil"]
[Black "Fernandes, Claudio Micael Sous"]
[Result "1-0"]
[WhiteElo "1959"]
[BlackElo "1661"]
[PlyCount "81"]
[EventDate "2017.06.14"]
[EventType "swiss"]
[EventRounds "7"]
[EventCountry "POR"]
[SourceTitle "CBM 179 Extra"]
[Source "ChessBase"]
[SourceDate "2017.08.23"]
[SourceVersion "1"]
[SourceVersionDate "2017.08.23"]
[SourceQuality "1"]

1. d4 d5 2. c4 e5 3. dxe5 d4 4. Nf3 Nc6 5. a3 f6 6. exf6 Qxf6 7. Bg5 Qg6 8. Nbd2 h6 9. Bf4 Qf7 10. e3 Bg4 11. Be2 0-0-0 12. Nxd4 Bxe2 13. Nxe2 g5 14. Bg3 h5 15. h3 h4 16. Bh2 Bg7 17. Qc2 g4 18. Bf4 Nf6 19. 0-0-0 Nh5 20. hxg4 Nxf4 21. Nxf4 Nd4 22. Qg6 Qf8 23. exd4 Qxf4 24. Qxg7 Rhg8 25. Qe5 Qxg4 26. Qe4 Qg5 27. Qxh4 Qa5 28. Rhe1 Kb8 29. g3 b5 30. Re5 a6 31. cxb5 axb5 32. Qh5 c6 33. Qf3 Rxd4 34. Nb3 Rxd1+ 35. Qxd1 Qc7 36. Qe1 Qf7 37. Nc5 Rd8 38. Na6+ Ka8 39. Nc5 Qh7 40. Qa5+ Kb8 41. Qxd8+ 1-0

[Event "Gaia Profigaia op 17th"]
[Site "Vila Nova de Gaia"]
[Date "2017.06.17"]
[Round "6"]
[White "Ribeiro, Andre Amorim"]
[Black "Andrade, Carlos Jorge da Sil"]
[Result "0-1"]
[WhiteElo "1463"]
[BlackElo "1959"]
[PlyCount "80"]
[EventDate "2017.06.14"]
[EventType "swiss"]
[EventRounds "7"]
[EventCountry "POR"]
[SourceTitle "CBM 179 Extra"]
[Source "ChessBase"]
[SourceDate "2017.08.23"]
[SourceVersion "1"]
[SourceVersionDate "2017.08.23"]
[SourceQuality "1"]

1. e4 c5 2. Nf3 e6 3. c3 d5 4. exd5 Qxd5 5. d4 Nf6 6. Be3 cxd4 7. Bxd4 Nc6 8. Nbd2 Nxd4 9. Nxd4 Bd7 10. Qb3 Bc5 11. N2f3 0-0 12. Be2 Bxd4 13. Qxd5 Bxc3+ 14. bxc3 Nxd5 15. Ne5 Ba4 16. c4 Nf4 17. g3 Nxe2 18. Kxe2 Rac8 19. Rhc1 Rfd8 20. Rab1 f6 21. Rxb7 fxe5 22. Rxa7 Rxc4 23. Rb1 Rd7 24. Ra5 e4 25. Ke3 Kf7 26. Rb2 Kf6 27. h4 Bd1 28. Ra3 Rc2 29. Rxc2 Bxc2 30. Ke2 Bd1+ 31. Ke3 Ke5 32. Ra5+ Rd5 33. Ra3 Rd3+ 34. Rxd3 exd3 35. Kxd3 Kf5 36. Kd2 Ba4 37. f3 h5 38. Ke3 e5 39. a3 Bb5 40. Kf2 e4 0-1

[Event "POR-CupT 1/8-1/4 final"]
[Site "Santo Tirso/Lisbon"]
[Date "2014.05.24"]
[Round "4.2"]
[White "Drezzadore, Dario"]
[Black "Andrade, Carlos Jorge da Sil"]
[Result "0-1"]
[WhiteElo "2071"]
[BlackElo "1923"]
[PlyCount "112"]
[EventDate "2014.05.24"]
[EventType "team-k.o."]
[EventRounds "5"]
[EventCountry "POR"]
[SourceTitle "EXT 2015"]
[Source "ChessBase"]
[SourceDate "2014.11.20"]
[SourceVersion "1"]
[SourceVersionDate "2014.11.20"]
[SourceQuality "1"]
[WhiteTeam "Coimbra"]
[BlackTeam "Estarreja"]
[WhiteTeamCountry "POR"]
[BlackTeamCountry "POR"]

1. g4 d5 2. Bg2 c6 3. g5 e5 4. d4 e4 5. c4 Bb4+ 6. Nc3 Ne7 7. Qb3 Ba5 8. e3 Nd7 9. Bd2 Nb6 10. cxd5 Bxc3 11. Bxc3 cxd5 12. f3 Nf5 13. Qb5+ Bd7 14. Qe2 Qxg5 15. fxe4 Nxe3 16. Bf3 0-0 17. Kf2 dxe4 18. Qxe3 Qh4+ 19. Kf1 exf3 20. Nxf3 Bb5+ 21. Kg2 Qg4+ 22. Kf2 Rfe8 23. Ne5 Qf5+ 24. Qf3 Qxf3+ 25. Nxf3 Re2+ 26. Kg3 Nd5 27. Rhe1 Nxc3 28. bxc3 Rae8 29. Rxe2 Rxe2 30. a4 Bc4 31. Kf4 f6 32. Rb1 Bd5 33. c4 Bxc4 34. Rxb7 Bd5 35. Rd7 Bc6 36. Rc7 Bxa4 37. Rxa7 Bc6 38. h4 Rf2 39. Ra3 Kf7 40. Kg3 Rxf3+ 41. Rxf3 Bxf3 42. Kxf3 Ke6 43. Ke4 g6 44. d5+ Kd6 45. Kd4 h5 46. Ke4 g5 47. hxg5 fxg5 48. Kf5 g4 49. Ke4 g3 50. Kf3 h4 51. Kg2 Kxd5 52. Kg1 Ke4 53. Kg2 Ke3 54. Kg1 Kf3 55. Kf1 g2+ 56. Kg1 h3 0-1

[Event "POR-chT3 final"]
[Site "Matosinhos"]
[Date "2012.07.21"]
[Round "1.1"]
[White "Pintor, Jose Bastos"]
[Black "Andrade, Carlos Jorge da Sil"]
[Result "0-1"]
[WhiteElo "1483"]
[BlackElo "1961"]
[PlyCount "66"]
[EventDate "2012.07.21"]
[EventType "team-k.o."]
[EventRounds "3"]
[EventCountry "POR"]
[SourceTitle "EXT 2015"]
[Source "ChessBase"]
[SourceDate "2014.11.20"]
[SourceVersion "1"]
[SourceVersionDate "2014.11.20"]
[SourceQuality "1"]
[WhiteTeam "Alfenense"]
[BlackTeam "Estarreja"]
[WhiteTeamCountry "POR"]
[BlackTeamCountry "POR"]

1. e4 c5 2. Nf3 e6 3. d4 cxd4 4. Nxd4 Nc6 5. Nc3 Qc7 6. Be2 a6 7. Be3 Nf6 8. a3 b5 9. Qd2 Bb7 10. Bd3 Ne5 11. h3 Nc4 12. Qc1 Nxe3 13. Qxe3 Bc5 14. Nce2 Rc8 15. e5 Nd5 16. Qg3 0-0 17. 0-0 f6 18. Nf3 d6 19. b4 Ba7 20. Nfd4 Qd7 21. exd6 Bb8 22. Qh4 g6 23. Qh6 Qxd6 24. g3 Rf7 25. h4 e5 26. Nb3 e4 27. Bxe4 Nc3 28. Nxc3 Rxc3 29. Rad1 Rxg3+ 30. Kh2 Rg2+ 31. Kxg2 Bxe4+ 32. Kh3 Qh2+ 33. Kg4 Qg2# 0-1